Véhicule d'autrefois : La Peugeot 205 - Statistiques

Statistiques générales
  • Ce quiz a été pris 61 fois
  • Le résultat moyen est 11 sur 25
Statistiques - réponses
Question Réponse % Correct
Quelle version de la 205 n'a pas existé ? Break
92%
La version la plus vendue de la 205 est la 5 portes
79%
La première 205 est sortie d'usine en 1982
71%
Quelle version de la 205 n'a pas existé en France ? Forever
71%
3 modèles sont supposés prendre la suite de la 205, lequel n'en fait pas partie ? 406
67%
Quelle série limitée de 205 n'a pas existé en France ? Winner
67%
3 modèles de 205 GTI destinées au marché français sont aujourd'hui très recherchés, lequel n'en fait pas partie ? 1FM
63%
La version diesel de la 205 sort 6 mois après la version essence
63%
Une version cabriolet de la 205 est dessinée par Pininfarina
58%
Pour concurrencer la Clio Baccara, Peugeot sort en 1991 la 205... Gentry
54%
La dernière 205 a été fabriquée en 1998
46%
Le dernières 205 forment la série Génération
46%
Quelle série limitée de 205 n'a pas existé en France ? Magic
46%
La 205 a connu plusieurs "phases". Combien ? 3
38%
Quelle version spéciale de la 205 a existé en plusieurs couleurs ? Look
38%
La millionième 205 sort des chaines le 9 décembre 1985
33%
Une série spéciale est créée pour les jeunes, quelle caractéristique n'a-t-elle pas ? Lunette arrière dégivrante
33%
La 205 a été la voiture la plus vendue en France en 1984 & 1985
29%
La 205 Turbo 16 et la 205 GTI son commercialisées en mars 1984
25%
Avec la version Turbo 16 que n'a pas gagné Peugeot ? le championnat d'Europe des rallyes
21%
La 205 a été déclinée au long de sa carrière en 42 versions
17%
Dans quel pays la 205 n'a-t-elle jamais été produite ? Brésil
17%
La version 3 portes de la 205 sort Plus d'1 an après la version 5 portes
17%
Les premières 205 sont sorties de l'usine de ... Mulhouse
13%
La 205 a été achetée par l'armée française dans une couleur de série, laquelle ? Gris fumé
8%
Aucun quiz correspondant
Distribution des résultats
% des personnes avec chaque résultat
Percentile par nombre de réponses
Votre historique - résultats
Vous n’avez pas pris ce quiz